000 01461nam0a22002771i 4500
001 rc\3287493
005 20240726073109.0
021 _aRU
_b[69-93292]
035 _a(NLR Aleph) 007495029
090 _a7646092
_c7646092
100 _a20130115d1969 |||y0rusy50 ca
101 0 _arus
102 _aRU
105 _ay d |||||
200 1 _aВерхнеквадратный отраженный (реперкуссивный) синдром у больных с поражениями легких и плевры
_e(Клиника, патогенез, лечение)
_eАвтореф. дис. на соискание учен. степени канд. мед. наук
_e(762)
_fКазан. гос. мед. ин-т им. С.В. Курашова
210 _aНовокузнецк
_d1969
215 _a16 с.
320 _aСписок работ авт.: с. 15-16 (14 назв.)
532 1 3 _aВерхнеквадратный отраженный реперкуссивный синдром у больных с поражениями легких и плевры
606 _aЛегочные болезни
_xНервная система
_2psbo
606 _aПлевра и плевральная полость
_xБолезни
_xНервная система
_2psbo
700 1 _aЗаславский
_bЕ.С.
_gЕвгений Соломонович
801 0 _aRU
_bNLR
_gpsbo
801 1 _aRU
_bELAR
_2rusmarc
852 _aNLR
_j69-4/28693
942 _cBOOK